| 000 | 00572 a2200193 4500 | ||
|---|---|---|---|
| 003 | NUST | ||
| 005 | 20230606175652.0 | ||
| 020 | _a0335140017 | ||
| 022 | _a0335140017 | ||
| 040 | _cNust | ||
| 082 | _a005.74 | ||
| 245 |
_aA. Conceptual Modeling B.Logical Modelling (Book-II) / _cRichard Madison (Chairman) |
||
| 260 |
_aThe Open University Press _bKeynes _c1980 |
||
| 300 | _a87 p.; | ||
| 490 | _aBLOCK II | ||
| 505 | _aConceptual Modeling (Page-6), Logical Modeling (Page-67). | ||
| 651 |
_aMathematics: A Third Level Course _9113037 |
||
| 942 |
_2ddc _cBK _k005.74,MAD |
||
| 999 |
_c193359 _d193359 |
||